000 02726pam a2200433 i 4500
001 991014726379707026
003 UkOxU
005 20250905112155.0
006 m || d |
007 cr |||||||||||
008 211208t20222022enka o 001|0|eng|d
015 _aGBC1K9673
_2bnb
020 _a9781292412320
020 _a9781292412306
035 _a022628444-44oxf_inst
035 _a(UkOxU)022628444
035 _a(Uk)020294541
037 _a9781292412306
_bPearson UK
040 _aStDuBDS
_beng
_erda
_epn
_cStDuBDS
_dUk
041 _aEnglish
100 _aMiller-Nobles, Tracie L.
_eauthor.
_1https://isni.org/isni/0000000369856379
_923789
245 1 0 _aHorngren's financial & managerial accounting.
_pThe financial chapters.
246 3 0 _aFinancial & managerial accounting
246 3 0 _aFinancial chapters
250 _aSeventh edition
_b/ Tracie Miller-Nobles, Brenda Mattison.
250 _aGlobal edition.
264 1 _aHarlow, England :
_bPearson,
_c[2022].
264 4 _c2022
300 _a1 online resource (964 pages) :
_billustrations (black and white, and colour).
500 _aThis edition also issued in print: 2022.
500 _aAcademic
520 _aFor courses infinancial and managerial accounting. Expanding onproven success with Horngren's accounting Horngren's Financial and Managerial Accounting, The Financial Chapters presents the core contentof principles of accounting courses in a fresh format designed to help today'slearners succeed. As teachers first, the author team knows the importance ofdelivering a student experience free of obstacles. Their pedagogy and contentuses leading methods in teaching students critical foundational and emergingtopics (e.g., data analytics and employability skills) in the field ofaccounting, and concentrates on improving student results - all tested in classby the authors themselves. With this in mind, the 7thEdition continues to focus on readability and studentcomprehension and takes this a step further by employing a new theme to helpstudents see how accounting is used as a tool to help businesses makedecisions. Also availablewith MyLab Accounting By combiningtrusted author content with digital tools and a flexible platform, MyLabpersonalizes the learning experience and improves results for each student.
650 0 _aAccounting
_9103
650 0 _aManagerial accounting
_9142
700 _aMattison, Brenda L
_eauthor.
_1https://isni.org/isni/0000000377946016
_922267
700 _aHorngren, Charles T.
_d1926-2011
_tFinancial & managerial accounting.
856 _uhttps://bibliotheque.tbs-education.fr/Default/doc/SYRACUSE/3386336/horngren-s-financial-managerial-accounting-the-financial-chapters
942 _2lcc
999 _c4913
_d4913